| 000 | 00960nam a2200289Ia 4500 | ||
|---|---|---|---|
| 001 | Para_1359 | ||
| 003 | CHAP | ||
| 008 | 220125s1999 xx 000 0 und d | ||
| 010 | _a200067 | ||
| 040 | _cCHAP | ||
| 090 | _aPA TESIS 1300 | ||
| 100 |
_aVasquez González, Gustavo _9120237 |
||
| 245 |
_aIdentificación de acaros asociados al bulbo del gladiolo (Gladiolus grandiflorus Bailey), en Villa Guerrero Estado de México / _c por Gustavo Vazquez González |
||
| 260 |
_aChapingo, Méx. : _b El autor |
||
| 300 | _a94 h. | ||
| 502 | _aTesis (Ing. Agr. Esp. en Parasitología Agrícola), UACh. Depto. Parasitología | ||
| 650 | _aAcaros | ||
| 650 |
_aGladiolas _x plagas _948234 |
||
| 710 |
_aUACh. Departamento de Parasitología Agrícola _9115877 |
||
| 901 | _aPA TESIS 1300 | ||
| 902 | _aA | ||
| 905 | _a0000001999 a 0000000000 00 | ||
| 910 | _a1999 | ||
| 942 | _cPARA | ||
| 942 |
_cPARA _d1 |
||
| 999 |
_c200067 _d200067 |
||